| 000 | 00664nam a2200229Ia 4500 | ||
|---|---|---|---|
| 003 | OSt | ||
| 005 | 20220926014505.0 | ||
| 006 | a|||||r|||| 00| 0 | ||
| 007 | ta | ||
| 008 | 220923b |||||||| |||| 00| 0 eng d | ||
| 037 | _cGeneral Book | ||
| 040 |
_aRTL _cRTL _beng |
||
| 041 |
_2eng _aeng |
||
| 082 | _aY:5.1.N7, L4 | ||
| 100 |
_aBerelson Bernard Ed. _943940 |
||
| 245 | 0 | _aPopulation policy in developed countries. | |
| 260 |
_aNew York _bMcGraw-Hill _c1974 |
||
| 300 |
_axiii,793p _ccm. |
||
| 500 | _aBibliography at the end of each chapter | ||
| 942 |
_hY:5.1.N7, L4 _cGB _2CC |
||
| 999 |
_c629142 _d629142 |
||